000 00852cam a22002773a 4500
001 18787
003 PGUSA
005 20140828083411.0
008 060708s2006||||xxu|||||s|||||000 | eng d
040 _aPGUSA
_beng
042 _adc
050 4 _aBX
100 1 _aSabatier, Paul,
_d1858-1928
245 1 0 _aLife of St. Francis of Assisi
_h[electronic resource] /
_cPaul Sabatier
260 _bProject Gutenberg,
_c2006
506 _aPublic domain in the USA.
516 _aElectronic text
653 _aChristian saints -- Biography
653 _aFrancis, of Assisi, Saint, 1182-1226
700 1 _aHoughton, Louise Seymour,
_d1838-1920
740 0 _aVie de S. François d'Assise. English
740 0 _aLife of Saint Francis of Assisi
830 0 _aProject Gutenberg
_v18787
856 4 0 _uhttp://www.gutenberg.org/ebooks/18787
942 _cEB
999 _c248042
_d248042